Champion d'arènes + Conseil 4 + Villes + Badges Pokémon Unys - Statistiques

Statistiques générales
  • Ce quiz a été pris 454 fois
  • Le résultat moyen est 27 sur 42
Statistiques - réponses
Hint Réponse % Correct
Blanc/Dragon Iris
91%
Dragon Iris
91%
Plante Rachid
91%
Sol Bardane
87%
Électrik Inezia
87%
Eau Noa
86%
Normal Tcheren
85%
Glace Zhu
85%
Insecte Artie
83%
Feu Armando
82%
Noir/Dragon Watson
82%
Normal Aloé
80%
Vol Carolina
77%
Volucité
77%
Insecte Goyah
75%
Port Yoneuve
75%
Ogoesse
74%
Combat Kunz
71%
Poison Strykna
71%
Janusia
70%
Triple
70%
Méanville
69%
Ténèbres Pieris
66%
Flocombe
64%
Spectre Anis
63%
Psy Percila
63%
Eau Amana
57%
Basique
56%
Basique
56%
Ondes-sur-mer
55%
Parsemille
55%
Papeloa
50%
Pavonnay
47%
Volt
47%
Sismique
39%
Toxique
38%
Élytre
36%
Jet
36%
Mythe
32%
Vague
32%
Stalactite
30%
Maillaird
16%
Aucun quiz correspondant
Distribution des résultats
% des personnes avec chaque résultat
Percentile par nombre de réponses
Votre historique - résultats
Vous n’avez pas pris ce quiz